000 00998nam a2200361Ia 4500
003 OSt
005 20220912144717.0
006 a|||||r|||| 00| 0
007 ta
008 220909b |||||||| |||| 00| 0 eng d
020 _a9780470666364 (hbk)
020 _aSL01535591
024 _a159615
037 _b594, 18/11/2011, Aviva Books Company
037 _cTextual
040 _aCSL
_beng
_cCSL
041 _aeng
082 _aB280bG, Q1
100 _akallen Anders
245 0 _aUnderstanding biostatistics
260 _aUK
_bWiley
_c2011
300 _aix;375p.
500 _aInclude bibliographical references; Index 371-375p
650 _a Biometry
650 _a Biostatistics
650 _a Medical science
650 _a Statistical models
650 _aStatistics
700 _a Perkins Chris Ed.
700 _akallen Anders
942 _hB280bG, Q1
_cTEXL
_2CC
999 _c16388
_d16388